000 00286nam a2200121 a 4500
008 100920s1980|||| d
245 1 0 _aBarbari tiahnu Európou
100 1 _aEnevoldová, Karen
020 _c35
260 _bTatran
_aBratislava
_c1980
044 _axo
_cSK
041 _aslo
999 _c10534
_d10534